El Bloque empresarial hegemónico salvadoreño /
Gorde:
| Egile nagusia: | |
|---|---|
| Formatua: | Texto |
| Gaiak: | |
| Etiketak: |
Etiketa erantsi
Etiketarik gabe, Izan zaitez lehena erregistro honi etiketa jartzen!
|
MARC
| LEADER | 00000 a a2200000 04500 | ||
|---|---|---|---|
| 001 | 5176 | ||
| 003 | |||
| 040 | |||
| 100 | |a Paniagua Serrano, Carlos Rodolfo | ||
| 245 | |a El Bloque empresarial hegemónico salvadoreño / |c Carlos Rodolfo Paniagua Serrano | ||
| 650 | |a EMPRESARIOS | ||
| 650 | |a PARENTESCO | ||
| 650 | |a GENEALOGIA | ||
| 650 | |a RIQUEZA | ||
| 773 | |g volumen 57; páginas 609-693 | ||
| 999 | |c 31186 |d 31186 | ||
